000 00255nam a2200109Ia 4500
008 190216s9999||||xx |||||||||||||| ||und||
100 _aNarayana Pisharoty K P
245 0 _aManideepam
260 _bCurrent Books
650 _aEssay Malayalam
942 _cBK
999 _c23761
_d23761